000 01305cab a2200205 4500
001 L136268
008 070122n2007 000 0 eng u
035 _a(Sirsi) u136268
041 0 _aeng
050 0 4 _a614.76 $2 18
110 1 _aUnited Kingdom
_bDepartment for Environment, Food and Rural Affairs
245 0 0 _aThird Environmental Permitting Programme Consultation
_bon guidance for a streamlined environmental permitting and compliance system
_h[electronic resource]
260 _aLondon
_bDEFRA
_c2007
520 _aThe Environmental Permitting Programme is examining how to combine the pollution prevention and control and waste management licensing systems into a common permitting and compliance system. Provides details of the consultation including the consultation letter, list of organisations consulted, a short summary booklet on the Environmental Permitting Programme, the UK government environmental permitting guidance document, and an example of how the guidance on the Directives might look.
590 _aKA
651 4 _aEngland and Wales
_y1543-
690 _aENVIRONMENTAL AND LAND CONSULTANCY-WASTE MANAGEMENT
856 _uhttps://www.defra.gov.uk/corporate/consult/envpermitprog3/index.htm
_zView the consultation papers free of charge at www.defra.gov.uk...
942 _n0
999 _c106352
_d106352